000 00626nam a2200181Ia 4500
008 151018s9999 xx 000 0 und d
082 _bRBASDV3912
_a891.463
100 _aदुर्गा - भागवत
245 _aदख्खनच्या लोककथा
250 _b1
260 _bचित्रशाळा प्रकाशन
_c1957
300 _a85
600 _aदुर्गा - भागवत
630 _aदख्खनच्या लोककथा
700 _aदुर्गा - भागवत
730 _aदख्खनच्या लोककथा
942 _cBOOK
999 _c1006314
_d1006311